Pathian ei piak thagau anpha / (Record no. 10869)

MARC details
000 -LEADER
fixed length control field 00401nam a22001577a 4500
003 - CONTROL NUMBER IDENTIFIER
control field GBCCL
005 - DATE AND TIME OF LATEST TRANSACTION
control field 20250618103528.0
008 - FIXED-LENGTH DATA ELEMENTS--GENERAL INFORMATION
fixed length control field 250618b |||||||| |||| 00| 0 eng d
040 ## - CATALOGING SOURCE
Transcribing agency GBC
082 ## - DEWEY DECIMAL CLASSIFICATION NUMBER
Classification number VER 248
Item number KHA 1
100 ## - MAIN ENTRY--PERSONAL NAME
Personal name Khaizakham, Kh
245 ## - TITLE STATEMENT
Title Pathian ei piak thagau anpha /
Statement of responsibility, etc. Rev.Dr. kh. Khaizakham
260 ## - PUBLICATION, DISTRIBUTION, ETC.
Place of publication, distribution, etc. Lamka :
Name of publisher, distributor, etc. author,
Date of publication, distribution, etc. 2025
300 ## - PHYSICAL DESCRIPTION
Extent 362p. ;
942 ## - ADDED ENTRY ELEMENTS (KOHA)
Source of classification or shelving scheme Dewey Decimal Classification
Koha item type Books
Suppress in OPAC No
Holdings
Withdrawn status Lost status Source of classification or shelving scheme Damaged status Not for loan Home library Current Library Shelving location Date acquired Source of acquisition Total checkouts Full call number Barcode Date last seen Date last checked out Copy number Price effective from Koha item type
    Dewey Decimal Classification     GRACE BIBLE COLLEGE GRACE BIBLE COLLEGE Vernacular 2025-06-18 gift 1 VER 248 KHA 021056 2025-06-24 2025-06-23 c.1 2025-06-18 Books
    Dewey Decimal Classification     GRACE BIBLE COLLEGE GRACE BIBLE COLLEGE Vernacular 2025-06-18 gift 1 VER 248 KHA 021057 2025-09-02 2025-08-22 c.2 2025-06-18 Books
© Grace Bible College Library 2025